[Event "29th Paul Keres Memorial 2020"]
[Site "Tallinn"]
[Date "2020.01.11"]
[Round "5.5"]
[White "Shvyrjov, Igor"]
[Black "Onischuk, Vladimir"]
[Result "1/2-1/2"]
[WhiteElo "2382"]
[BlackElo "2631"]
[Annotator "TA"]
[PlyCount "101"]
[EventDate "2020.01.11"]
[EventType "swiss"]
[EventCountry "EST"]
[SourceTitle "playchess.com"]
[Source "ChessBase"]
[SourceQuality "1"]

{[%evp 12,101,11,11,19,2,13,20,27,10,27,23,32,15,33,16,12,6,8,-4,0,0,0,-9,-7,-21,-23,-23,-23,-30,-24,-37,-41,-31,-17,-33,-35,-49,-33,-34,-39,-71,-68,-56,-43,-37,-39,-39,-44,-46,-15,-20,-16,-18,-17,-18,0,0,0,0,0,-22,0,0,0,-26,-29,-27,-33,-27,-10,-10,-11,-18,0,0,0,0,2,0,0,0,0,0,0,0,0,0,0,0,0,0]} 1. d4 d6 2. e4 Nf6 3. Nc3 g6 4. Nf3 Bg7 5. Bc4 O-O 6. Bb3 Nc6 7. h3 Na5 {B08: Pirc Defence: Classical System} 8. O-O (8. Bg5 b5 9. e5 b4 10. exf6 exf6 11. Be3 bxc3 12. bxc3 Ba6 13. Nd2 f5 14. Qf3 c5 15. Bd5 {½-½ (37) Stets,D (2410)-Le Roux,J (2568) Nantes 2013}) 8... Nd7 9. Bg5 h6 10. Be3 c6 $146 ({Predecessor:} 10... a6 11. Qd2 Kh7 12. Rad1 e6 13. Ne2 Nxb3 14. axb3 Qe7 15. Ng3 {0-1 (42) Espig,L-Jansa,V Sochi 1974}) 11. Re1 Kh7 12. Qe2 e5 13. dxe5 dxe5 14. Rad1 Qe7 15. Nd2 Nc5 16. Nc4 Nxc4 17. Bxc5 (17. Bxc4 {is more complex.} Ne6 18. f3 Bf6 19. Bxe6 Bxe6 20. b3) 17... Qxc5 18. Qxc4 (18. Bxc4 {feels hotter.} b5 19. Bb3 Bf6 20. a4 a6 21. Nb1) 18... Qxc4 19. Bxc4 Bf6 20. Rd3 Be7 21. Red1 Kg7 22. a4 b6 {[%cal Bb7b6,Bb6b5][%mdl 32]} 23. R1d2 a6 24. Nd1 b5 25. Bb3 f5 26. f3 fxe4 27. fxe4 Rb8 28. axb5 axb5 29. Rf2 Bc5 {[%mdl 64] [#] Pin} 30. Ne3 Ra8 (30... Rf4 {seems wilder.} 31. Kf1 h5 32. Rxf4 exf4 33. Nd1 Be7) 31. Rxf8 Kxf8 32. Kf1 Ke7 33. Ke2 h5 34. Rc3 Kd6 35. Rd3+ Kc7 36. Rc3 Kb6 37. Rd3 Kc7 38. Rc3 Bd4 {[#]} 39. Rxc6+ $1 {[%mdl 576] Remove Defender} Kxc6 40. Bd5+ Kd6 41. Bxa8 {The position is equal.} Bxb2 $11 {[%mdl 4096] Endgame KBB-KBN} 42. Bd5 Ke7 43. Bc6 Ba6 44. Nd5+ Kd6 45. Nb4 Bc3 46. Nxa6 {Hoping for Be8.} Kxc6 47. Kd3 Ba5 48. c3 Kd6 49. Nb4 Bxb4 50. cxb4 Ke6 51. h4 {Accuracy: White = 60%, Black = 70%.} 1/2-1/2

[Event "29th Paul Keres Memorial 2020"]
[Site "Tallinn"]
[Date "2020.01.11"]
[Round "5.6"]
[White "Rogule, Laura"]
[Black "Moiseenko, Alexander"]
[Result "0-1"]
[WhiteElo "2309"]
[BlackElo "2620"]
[Annotator "TA"]
[PlyCount "71"]
[EventDate "2020.01.11"]
[EventType "swiss"]
[EventCountry "EST"]
[SourceTitle "playchess.com"]
[Source "ChessBase"]
[SourceQuality "1"]

{[%evp 9,71,-11,-4,-5,5,7,0,4,14,-18,-25,-23,-9,-18,-21,-40,-33,-63,-60,-54,-70,-69,-60,-69,-62,-69,-74,-59,-64,-60,-54,-23,-25,-24,-28,-25,-24,-143,-468,-475,-474,-466,-474,-455,-464,-475,-441,-1248,-1216,-1242,-1239,-1093,-1113,-1248,-1240,-1214,-1000,-5081,-2553,-5081,-2334,-6997,-6299,-29975]} 1. c4 e5 2. Nc3 Bb4 3. g3 Bxc3 4. dxc3 d6 5. Bg2 Nc6 6. c5 {A21: English Opening: 1...e5 2 Nc3} Nge7 (6... Nf6 7. cxd6 cxd6 8. e4 Be6 9. Bg5 O-O 10. Nf3 Bc4 11. Nd2 Be6 12. Qf3 Bg4 13. Qxg4 Nxg4 14. Bxd8 Rfxd8 {½-½ (27) Granda Zuniga,J (2688)-Grigoryan,K (2612) Atarrabia 2016}) 7. cxd6 cxd6 8. e4 {The position is equal.} O-O 9. Ne2 Be6 10. O-O d5 11. exd5 Bxd5 12. b3 $146 ({Predecessor:} 12. Bxd5 Qxd5 13. Qxd5 Nxd5 {0-1 (29) Stojanovski,S (2190)-Shaw,J (2280) Copenhagen 1995}) 12... Bxg2 13. Qxd8 Rfxd8 14. Kxg2 Rd3 15. c4 Rad8 16. Ba3 Nf5 17. Rfe1 f6 18. Rac1 Rd2 19. Nc3 Ncd4 {[#] Threatens to win with ...Nc2.} 20. Bc5 Nc2 21. Re2 Rxe2 $1 22. Nxe2 Rd2 $36 {[%mdl 2048] Black fights for an advantage.} 23. Kf3 (23. Nc3 $11 {keeps the balance.}) 23... b6 $17 24. Be3 {Black is clearly winning.} e4+ 25. Kxe4 Nfxe3 ({Not} 25... Rxe2 26. Kxf5 Kf7 27. c5 $11) 26. fxe3 Rxe2 {[%mdl 64] [#] Double Attack} 27. Kd3 Rxh2 28. Rxc2 (28. a3 $142 Nxa3 29. Ra1) 28... Rxc2 $19 29. Kxc2 {[%mdl 4096] Endgame KP-KP} h5 30. Kd3 Kf7 31. Ke4 Ke6 32. b4 g5 33. a4 f5+ 34. Kf3 Ke5 (34... a5 $142 35. bxa5 bxa5) 35. Kf2 a5 36. bxa5 {Accuracy: White = 29%, Black = 80%.} 0-1

[Event "29th Paul Keres Memorial 2020"]
[Site "Tallinn"]
[Date "2020.01.11"]
[Round "6.1"]
[White "Kovalenko, Igor"]
[Black "Kuzubov, Yuriy"]
[Result "0-1"]
[WhiteElo "2640"]
[BlackElo "2644"]
[Annotator "ChessBase"]
[PlyCount "164"]
[EventDate "2020.01.11"]
[EventType "swiss"]
[EventCountry "EST"]
[SourceTitle "playchess.com"]
[Source "ChessBase"]
[SourceQuality "1"]
[TimeControl "900+5"]

1. c4 {[%emt 0:00:00]} c5 {[%emt 0:00:13]} 2. Nc3 {[%emt 0:00:01]} Nf6 {[%emt 0:00:04]} 3. g3 {[%emt 0:00:02]} d5 {[%emt 0:00:51]} 4. cxd5 {[%emt 0:00:01]} Nxd5 {[%emt 0:00:02]} 5. Bg2 {[%emt 0:00:01]} Nxc3 {[%emt 0:00:02]} 6. dxc3 {[%emt 0:00:31]} Qxd1+ {[%emt 0:01:20]} 7. Kxd1 {[%emt 0:00:02]} h5 {[%emt 0:00:47]} 8. Be3 {[%emt 0:00:06]} e6 {[%emt 0:01:13]} 9. Nf3 {[%emt 0:00:12]} Nc6 {[%emt 0:00:07]} 10. Kc2 {[%emt 0:00:21]} Bd7 {[%emt 0:00:11]} 11. Rad1 {[%emt 0:00:05]} Be7 {[%emt 0:00:14]} 12. Ng5 {[%emt 0:00:26]} Rd8 {[%emt 0:00:59]} 13. h4 {[%emt 0:01:55]} Na5 {[%emt 0:00:45]} 14. b3 {[%emt 0:02:13]} b6 {[%emt 0:00:29]} 15. Bf4 {[%emt 0:00:28]} Bc6 {[%emt 0:00:29]} 16. Rxd8+ {[%emt 0:01:52]} Bxd8 {[%emt 0:00:02]} 17. f3 {[%emt 0:00:01]} O-O {[%emt 0:02:24]} 18. Rd1 {[%emt 0:00:10]} Be7 {[%emt 0:00:46]} 19. Bf1 {[%emt 0:01:22]} Rd8 {[%emt 0:00:26]} 20. Rxd8+ {[%emt 0:00:01]} Bxd8 {[%emt 0:00:02]} 21. e4 {[%emt 0:00:02]} Bb7 {[%emt 0:00:16]} 22. a3 {[%emt 0:00:58]} Kf8 {[%emt 0:00:30]} 23. b4 {[%emt 0:00:03]} cxb4 {[%emt 0:00:14]} 24. axb4 {[%emt 0:00:01]} Nc6 {[%emt 0:00:03]} 25. b5 {[%emt 0:00:02]} Ne7 {[%emt 0:00:16]} 26. Bd6 {[%emt 0:00:27]} Ke8 {[%emt 0:00:09]} 27. Be2 {[%emt 0:00:23]} Nc8 {[%emt 0:00:17]} 28. Bb8 {[%emt 0:00:44]} Be7 {[%emt 0:00:26]} 29. Kd2 {[%emt 0:01:29]} Bd6 {[%emt 0:00:25]} 30. Bxd6 {[%emt 0:00:02]} Nxd6 {[%emt 0:00:01]} 31. Ke3 {[%emt 0:00:01]} Ke7 {[%emt 0:00:43]} 32. e5 {[%emt 0:02:46]} Nf5+ {[%emt 0:00:04]} 33. Kf4 {[%emt 0:00:01]} Bd5 {[%emt 0:01:11]} 34. Bd3 {[%emt 0:00:10]} f6 {[%emt 0:01:32]} 35. Ne4 {[%emt 0:00:00]} fxe5+ 36. Kxe5 {[%emt 0:00:05]} Bxe4 {[%emt 0:00:18]} 37. fxe4 {[%emt 0:00:01]} Nd6 {[%emt 0:00:05]} 38. Kf4 {[%emt 0:00:16]} Nb7 {[%emt 0:00:06]} 39. e5 {[%emt 0:00:06]} Nc5 {[%emt 0:00:02]} 40. Be2 {[%emt 0:00:06]} g6 {[%emt 0:00:05]} 41. Bf1 {[%emt 0:00:25]} Kf7 {[%emt 0:00:02]} 42. Bc4 {[%emt 0:00:00]} Kg7 {[%emt 0:00:07]} 43. Kg5 {[%emt 0:00:04]} Ne4+ {[%emt 0:00:02]} 44. Kf4 {[%emt 0:00:02]} Nc5 {[%emt 0:00:02]} 45. Be2 {[%emt 0:00:04]} Nd7 {[%emt 0:00:06]} 46. Bd1 {[%emt 0:00:01]} Kh6 {[%emt 0:00:06]} 47. Bc2 {[%emt 0:00:11]} Nc5 {[%emt 0:00:02]} 48. c4 {[%emt 0:00:12]} Nb7 {[%emt 0:00:06]} 49. Bd1 {[%emt 0:00:15]} Nc5 {[%emt 0:00:02]} 50. Ke3 {[%emt 0:00:01]} g5 {[%emt 0:00:06]} 51. Bc2 {[%emt 0:00:03]} Nd7 {[%emt 0:00:02]} 52. Kd4 {[%emt 0:00:01]} Nc5 {[%emt 0:00:02]} 53. Bd1 {[%emt 0:00:04]} Nd7 {[%emt 0:00:09]} 54. Bf3 {[%emt 0:00:01]} Nc5 {[%emt 0:00:02]} 55. Bc6 {[%emt 0:00:02]} Nb3+ {[%emt 0:00:08]} 56. Ke3 {[%emt 0:00:01]} Nc5 {[%emt 0:00:07]} 57. Be8 {[%emt 0:00:01]} Nb3 {[%emt 0:00:04]} 58. Bf7 {[%emt 0:00:05]} Nc5 {[%emt 0:00:02]} 59. Kd4 {[%emt 0:00:02]} Nb3+ {[%emt 0:00:05]} 60. Ke4 {[%emt 0:00:01]} Nc5+ {[%emt 0:00:02]} 61. Ke3 {[%emt 0:00:01]} gxh4 {[%emt 0:00:09]} 62. gxh4 {[%emt 0:00:01]} Nd7 {[%emt 0:00:13]} 63. Ke4 {[%emt 0:00:19]} Nc5+ {[%emt 0:00:06]} 64. Kf4 {[%emt 0:00:02]} Nd3+ {[%emt 0:00:03]} 65. Ke4 {[%emt 0:00:03]} Nc5+ {[%emt 0:00:05]} 66. Ke3 {[%emt 0:00:03]} Nd7 {[%emt 0:00:03]} 67. Kf4 {[%emt 0:00:02]} Nc5 {[%emt 0:00:02]} 68. Bxe6 {[%emt 0:00:15]} Nxe6+ {[%emt 0:00:01]} 69. Kf5 {[%emt 0:00:00]} Nc5 {[%emt 0:00:17]} 70. Kf6 {[%emt 0:00:01]} Ne4+ {[%emt 0:00:07]} 71. Kf7 {[%emt 0:00:24]} Nd2 {[%emt 0:00:07]} 72. e6 {[%emt 0:00:01]} Nxc4 {[%emt 0:00:02]} 73. e7 {[%emt 0:00:02]} Nd6+ {[%emt 0:00:01]} 74. Ke6 {[%emt 0:00:22]} Ne8 {[%emt 0:00:04]} 75. Kf7 {[%emt 0:00:05]} Nd6+ {[%emt 0:00:03]} 76. Ke6 {[%emt 0:00:04]} Ne8 {[%emt 0:00:02]} 77. Kd7 {[%emt 0:00:02]} Nf6+ {[%emt 0:00:02]} 78. Kd8 {[%emt 0:00:00]} Kg6 {[%emt 0:00:03]} 79. e8=Q+ {[%emt 0:00:02]} Nxe8 {[%emt 0:00:01]} 80. Kxe8 {[%emt 0:00:01]} Kf5 {[%emt 0:00:02]} 81. Kd7 {[%emt 0:00:01]} Ke5 {[%emt 0:00:10]} 82. Kc6 {[%emt 0:00:01]} Kd4 {[%emt 0:00:01]} 0-1

[Event "29th Paul Keres Memorial 2020"]
[Site "Tallinn"]
[Date "2020.01.11"]
[Round "6.2"]
[White "Tiviakov, Sergei"]
[Black "Alekseev, Evgeny"]
[Result "1/2-1/2"]
[WhiteElo "2608"]
[BlackElo "2623"]
[Annotator "ChessBase"]
[PlyCount "72"]
[EventDate "2020.01.11"]
[EventType "swiss"]
[EventCountry "EST"]
[SourceTitle "playchess.com"]
[Source "ChessBase"]
[SourceQuality "1"]
[TimeControl "900+5"]

1. e4 {[%emt 0:00:00]} c5 {[%emt 0:00:00]} 2. Nf3 {[%emt 0:00:00]} e6 {[%emt 0:00:01]} 3. c3 {[%emt 0:00:01]} d5 {[%emt 0:00:07]} 4. exd5 {[%emt 0:00:03]} Qxd5 {[%emt 0:00:04]} 5. d4 {[%emt 0:00:02]} Nf6 {[%emt 0:00:09]} 6. Na3 {[%emt 0:00:02]} Nc6 {[%emt 0:00:05]} 7. Be3 {[%emt 0:00:33]} cxd4 {[%emt 0:00:17]} 8. Nb5 {[%emt 0:00:02]} Qd8 {[%emt 0:00:11]} 9. Nbxd4 {[%emt 0:00:04]} Nd5 {[%emt 0:00:05]} 10. Bd2 {[%emt 0:00:49]} Nxd4 {[%emt 0:00:28]} 11. Nxd4 {[%emt 0:00:02]} Bc5 {[%emt 0:00:56]} 12. Nb3 {[%emt 0:00:58]} Bd6 {[%emt 0:02:03]} 13. g3 {[%emt 0:00:47]} b6 {[%emt 0:01:23]} 14. c4 {[%emt 0:01:32]} Ne7 {[%emt 0:01:26]} 15. Bg2 {[%emt 0:00:03]} Rb8 {[%emt 0:00:07]} 16. O-O {[%emt 0:01:23]} O-O {[%emt 0:00:05]} 17. Bc3 {[%emt 0:01:32]} Qc7 {[%emt 0:00:40]} 18. Rc1 {[%emt 0:00:44]} Bb7 {[%emt 0:04:31]} 19. Qg4 {[%emt 0:01:09]} Be5 {[%emt 0:00:38]} 20. Bxb7 {[%emt 0:00:09]} Rxb7 {[%emt 0:00:45]} 21. Rfd1 {[%emt 0:00:04]} Ng6 {[%emt 0:00:20]} 22. Qe4 {[%emt 0:00:19]} Rbb8 {[%emt 0:00:17]} 23. Bxe5 {[%emt 0:00:19]} Qxe5 {[%emt 0:00:17]} 24. Qxe5 {[%emt 0:00:07]} Nxe5 {[%emt 0:00:01]} 25. c5 {[%emt 0:00:20]} Rfc8 {[%emt 0:00:20]} 26. cxb6 {[%emt 0:00:19]} axb6 {[%emt 0:00:02]} 27. Nd4 {[%emt 0:00:21]} g5 {[%emt 0:00:06]} 28. a4 {[%emt 0:00:19]} g4 {[%emt 0:00:12]} 29. b4 {[%emt 0:00:38]} Ra8 {[%emt 0:00:21]} 30. Rxc8+ {[%emt 0:01:03]} Rxc8 {[%emt 0:00:01]} 31. a5 {[%emt 0:00:56]} bxa5 {[%emt 0:00:11]} 32. bxa5 {[%emt 0:00:02]} Rd8 {[%emt 0:00:18]} 33. Re1 {[%emt 0:00:14]} Rd5 {[%emt 0:00:55]} 34. a6 {[%emt 0:00:08]} Rxd4 {[%emt 0:00:05]} 35. Rxe5 {[%emt 0:00:01]} Ra4 {[%emt 0:00:01]} 36. a7 {[%emt 0:00:09]} Rxa7 {[%emt 0:00:08]} 1/2-1/2

[Event "29th Paul Keres Memorial 2020"]
[Site "Tallinn"]
[Date "2020.01.11"]
[Round "6.3"]
[White "Turov, Maxim"]
[Black "Gareyev, Timur"]
[Result "1-0"]
[WhiteElo "2567"]
[BlackElo "2607"]
[Annotator "TA"]
[PlyCount "69"]
[EventDate "2020.01.11"]
[EventType "swiss"]
[EventCountry "EST"]
[SourceTitle "playchess.com"]
[Source "ChessBase"]
[SourceQuality "1"]

{[%evp 9,69,16,45,34,56,27,17,14,29,35,66,19,47,47,93,76,111,107,112,93,94,82,99,88,87,41,45,45,78,25,22,46,36,22,34,33,34,22,40,33,28,25,25,25,29,25,25,20,122,116,112,114,249,233,233,233,595,588,574,350,323,310]} 1. d4 Nf6 2. Nf3 e6 3. c4 Bb4+ 4. Bd2 a5 5. g3 c5 (5... b6 6. Bg2 Bb7 7. O-O O-O 8. Bf4 Be7 9. Nc3 Ne4 10. Nb5 c6 11. Nc7 Ra7 12. Qb3 d6 13. Qxb6 Nd7 14. Qxa7 Qxc7 15. d5 c5 16. dxe6 Nb8 17. Nd4 cxd4 18. Bxe4 {1-0 (28) Xiong,J (2651)-Le,Q (2715) chess.com INT 2018}) 6. Bg2 {E11: Bogo-Indian} Nc6 7. dxc5 (7. a3 $5 {[%cal Ra3b4]} Bxd2+ 8. Qxd2 $14) 7... Bxc5 8. O-O {The position is equal.} d6 9. Nc3 O-O 10. Na4 $146 ({Predecessor:} 10. Rc1 h6 11. Qb3 Qe7 12. Na4 Ba7 13. Nb6 Rb8 14. Be3 {1-0 (64) Michel Yunis,C (2338)-Zambrana,O (2213) La Paz 2000}) 10... Ba7 11. Bg5 Qc7 12. Nc3 Ne5 13. Nb5 Qxc4 14. Nxa7 Rxa7 15. Qxd6 Nxf3+ 16. Bxf3 Ra6 17. Qf4 (17. Qa3 {is more complex.} e5 18. Rac1 Qe6 19. Rfd1 h6 20. Bxf6 Qxf6 21. Be4) 17... Qxf4 18. Bxf4 Nd5 19. Rfd1 (19. Be5 $16) 19... Nxf4 $11 20. gxf4 Rb6 21. b3 Rb4 22. e3 a4 23. Rab1 h6 24. bxa4 Rxa4 25. Rd2 g5 26. fxg5 hxg5 27. Rb5 $36 {[%mdl 2048] White is more active.} f5 28. Rc5 Rb4 (28... Kf7 $11 {remains equal.}) 29. Rc7 $1 $16 {Threatens to win with Rdc2.} b5 30. Rdc2 Ba6 (30... Rc4 $16 {was necessary.}) 31. Ra7 $1 $18 {[%cal Ra7a6]} g4 {[#]} 32. Be2 $1 ({Not} 32. Rxa6 $2 gxf3 33. h3 Kf7 $19) 32... Rc8 $2 {[#]} (32... Bc8 {is tougher.} 33. Rcc7 Re8) 33. Rd2 $1 Ra4 34. Kg2 Rb8 {White must now prevent ...Bb7+.} 35. Kg3 {Accuracy: White = 64%, Black = 40%.} 1-0

[Event "29th Paul Keres Memorial 2020"]
[Site "Tallinn"]
[Date "2020.01.11"]
[Round "6.4"]
[White "Moiseenko, Alexander"]
[Black "Fridman, Daniel"]
[Result "1/2-1/2"]
[WhiteElo "2620"]
[BlackElo "2622"]
[Annotator "TA"]
[PlyCount "83"]
[EventDate "2020.01.11"]
[EventType "swiss"]
[EventCountry "EST"]
[SourceTitle "playchess.com"]
[Source "ChessBase"]
[SourceQuality "1"]

{[%evp 15,83,8,41,28,32,21,37,15,18,10,31,16,29,15,29,20,15,8,13,9,12,14,7,7,7,10,16,16,12,12,31,31,30,20,21,14,27,18,33,8,9,0,0,0,0,0,0,-4,0,-18,-13,-31,-11,-21,0,-8,0,0,9,14,18,-14,-14,-13,-18,-20,-6,-8,-7,-25]} 1. d4 d5 2. c4 e6 3. Nc3 Be7 4. Nf3 Nf6 5. g3 O-O 6. Bg2 dxc4 7. Ne5 c5 8. dxc5 Qc7 9. Nxc4 {E06: Closed Catalan: Early deviations} Qxc5 10. b3 Nc6 11. Ba3 {White is slightly better.} Nb4 $1 12. O-O Rd8 13. Qc1 $146 ({Predecessor:} 13. Qe1 Rb8 14. Rc1 Bd7 15. Ne3 Qa5 16. Bb2 Qa6 {½-½ (41) Bluebaum,M (2618)-Zajic,M (2497) Batumi 2018}) 13... Qc7 14. Bb2 Bd7 15. a3 Na6 16. Qf4 Rac8 17. Qxc7 Rxc7 18. Rad1 Nc5 19. b4 Na4 20. Nxa4 {[#] Hoping for Nc5.} Bxa4 21. Rxd8+ Bxd8 22. Rc1 Bb5 23. Nd6 Bxe2 24. Rxc7 Bxc7 25. Nxb7 Bb6 26. h3 Nd5 27. Nc5 a5 28. Nd7 {[#] aiming for Bxd5.} Bd8 29. bxa5 Bxa5 30. Nc5 Bb6 31. Nb3 Bd1 32. Nd2 Ba4 33. Be4 Nf6 34. Bd3 {The position is equal.} Nd7 35. Kf1 g6 36. Ne4 Kf8 37. Bc3 Kg8 38. Nf6+ Nxf6 39. Bxf6 Bc5 40. Bb2 h5 41. h4 Kf8 42. Ke2 {Accuracy: White = 63%, Black = 61%.} 1/2-1/2

[Event "29th Paul Keres Memorial 2020"]
[Site "Tallinn"]
[Date "2020.01.11"]
[Round "6.5"]
[White "Meshkovs, Nikita"]
[Black "Shishkov, Andrei"]
[Result "1-0"]
[WhiteElo "2565"]
[BlackElo "2390"]
[Annotator "ChessBase"]
[PlyCount "90"]
[EventDate "2020.01.11"]
[EventType "swiss"]
[EventCountry "EST"]
[SourceTitle "playchess.com"]
[Source "ChessBase"]
[SourceQuality "1"]
[TimeControl "900+5"]

1. Nf3 {[%emt 0:00:00]} d5 {[%emt 0:00:02]} 2. g3 {[%emt 0:00:00]} c6 {[%emt 0:00:04]} 3. Bg2 {[%emt 0:00:02]} Bg4 {[%emt 0:00:02]} 4. O-O {[%emt 0:00:05]} Nd7 {[%emt 0:00:01]} 5. d4 {[%emt 0:00:06]} e6 {[%emt 0:00:03]} 6. Re1 {[%emt 0:00:21]} f5 {[%emt 0:01:03]} 7. c4 {[%emt 0:00:59]} Bd6 {[%emt 0:00:07]} 8. Qb3 {[%emt 0:00:16]} Rb8 {[%emt 0:03:29]} 9. Ng5 {[%emt 0:01:08]} Qe7 {[%emt 0:02:41]} 10. f3 {[%emt 0:00:24]} h6 {[%emt 0:02:31]} 11. Nxe6 {[%emt 0:00:01]} Qxe6 {[%emt 0:00:12]} 12. cxd5 {[%emt 0:02:17]} Qxd5 {[%emt 0:03:08]} 13. Qxd5 {[%emt 0:00:09]} cxd5 {[%emt 0:00:02]} 14. fxg4 {[%emt 0:00:01]} Ne7 {[%emt 0:00:30]} 15. gxf5 {[%emt 0:00:11]} Nxf5 {[%emt 0:00:14]} 16. e3 {[%emt 0:00:01]} Bb4 {[%emt 0:00:24]} 17. Bd2 {[%emt 0:00:35]} Bxd2 {[%emt 0:00:05]} 18. Nxd2 {[%emt 0:00:01]} Nf6 {[%emt 0:00:10]} 19. e4 {[%emt 0:02:08]} dxe4 {[%emt 0:00:18]} 20. Nxe4 {[%emt 0:00:01]} O-O {[%emt 0:00:08]} 21. Nxf6+ {[%emt 0:00:17]} Rxf6 {[%emt 0:00:01]} 22. Rad1 {[%emt 0:00:11]} b6 {[%emt 0:00:11]} 23. Bd5+ {[%emt 0:00:43]} Kf8 {[%emt 0:00:03]} 24. Be6 {[%emt 0:00:45]} Rd8 {[%emt 0:00:24]} 25. d5 {[%emt 0:00:13]} Rd6 {[%emt 0:00:07]} 26. Re5 {[%emt 0:00:43]} Ne7 {[%emt 0:00:30]} 27. Kg2 {[%emt 0:01:04]} g5 {[%emt 0:00:32]} 28. Rc1 {[%emt 0:00:04]} a5 {[%emt 0:00:05]} 29. Rc7 {[%emt 0:00:13]} Ng6 {[%emt 0:00:08]} 30. Re2 {[%emt 0:03:37]} Ne7 {[%emt 0:00:01]} 31. Rb7 {[%emt 0:00:45]} Nxd5 {[%emt 0:00:04]} 32. Bg4 {[%emt 0:00:00]} Nb4 {[%emt 0:00:08]} 33. Bh5 {[%emt 0:00:08]} Rde6 {[%emt 0:00:01]} 34. Rf7+ {[%emt 0:00:15]} Kg8 {[%emt 0:00:05]} 35. Rxf6 {[%emt 0:00:03]} Rxf6 {[%emt 0:00:02]} 36. a3 {[%emt 0:00:01]} Nd3 {[%emt 0:00:03]} 37. Bf3 {[%emt 0:00:06]} Nc5 {[%emt 0:00:06]} 38. Bd5+ {[%emt 0:00:02]} Kf8 {[%emt 0:00:02]} 39. b4 {[%emt 0:00:08]} axb4 {[%emt 0:00:07]} 40. axb4 {[%emt 0:00:01]} Na4 {[%emt 0:00:04]} 41. Rc2 {[%emt 0:00:04]} b5 {[%emt 0:00:12]} 42. Bc6 {[%emt 0:00:05]} Nb2 {[%emt 0:00:07]} 43. Bxb5 {[%emt 0:00:06]} Nd1 {[%emt 0:00:08]} 44. Rc8+ Kg7 45. Re8 Rf2+ 1-0

[Event "29th Paul Keres Memorial 2020"]
[Site "Tallinn"]
[Date "2020.01.11"]
[Round "6.6"]
[White "Maly, Alexey"]
[Black "Kulaots, Kaido"]
[Result "0-1"]
[WhiteElo "2357"]
[BlackElo "2510"]
[Annotator "TA"]
[PlyCount "44"]
[EventDate "2020.01.11"]
[EventType "swiss"]
[EventCountry "EST"]
[SourceTitle "playchess.com"]
[Source "ChessBase"]
[SourceQuality "1"]

{[%evp 11,56,-9,6,-18,-15,-8,26,29,58,0,0,0,0,-64,-70,-69,0,-28,-29,-20,-31,-63,-35,-47,-44,-77,-46,-133,-124,-116,-105,-76,-70,-140,-152,-140,-86,-713,-701,-835,-843,-1810,-1562,-2100,-2090,-2701,-2634]} 1. d4 g6 2. Nf3 Bg7 3. Bf4 d6 4. c3 Nd7 5. e3 e5 6. Bg3 Ne7 7. h3 {A41: 1 d4 d6: Tartakower System and Modern Defence} Nf5 8. Bh2 $1 e4 $146 ({Predecessor:} 8... O-O 9. Nbd2 Re8 10. Nb3 a5 11. a4 b6 12. Be2 Bb7 13. O-O c5 14. dxc5 Nxc5 15. Nxc5 dxc5 {0-1 (26) Tevzadze,M (1967)-Gaponenko,I (2420) St Petersburg 2018}) 9. Nfd2 {White has an edge.} Nf6 10. g4 ({White should play} 10. c4 $14) 10... Nxe3 $1 $11 11. fxe3 Nxg4 $1 {[#] ( -> ...Qh4+)} 12. Nxe4 (12. Bg1 $1 $11 Qh4+ 13. Ke2) 12... Nxe3 $15 13. Qd3 Nxf1 (13... Bh6 $15 14. Bg1 Nxf1 15. Kxf1 d5) 14. Rxf1 O-O 15. Nbd2 d5 {...Re8 is the strong threat.} 16. Ng3 Bxh3 {White must now prevent ...Re8+.} 17. Rf2 $1 Bg4 {[%mdl 1024] Black has compensation.} 18. Ne2 Qe7 19. O-O-O ({White should try} 19. Qg3 $15 Qe6 20. Kf1) 19... Rfe8 $36 {[%cal Rg4e2][%mdl 2048] Black is in control.} 20. Re1 c5 21. dxc5 Qxc5 22. Bg1 (22. Bg3 $1 $15) 22... d4 {Played: Qc5-e7} 0-1